[Event "Barbera del Valles op-B 30th"]
[Site "Barbera del Valles"]
[Date "2007.07.12"]
[Round "7"]
[White "Sabria Batlle, Pol"]
[Black "Lopez Peralta, Xavier"]
[Result "1-0"]
[WhiteElo "1951"]
[BlackElo "1882"]
[PlyCount "59"]
[EventDate "2007.07.06"]
[EventType "swiss"]
[EventRounds "7"]
[EventCountry "ESP"]
[SourceTitle "EXT 2008"]
[Source "ChessBase"]
[SourceDate "2007.11.25"]
[SourceVersion "1"]
[SourceVersionDate "2007.11.25"]
[SourceQuality "1"]

1. d4 d5 2. c4 c6 3. Nc3 Nf6 4. Bg5 Bf5 5. Qb3 Qd7 6. e3 e6 7. Nf3 Bd6 8. c5 Be7 9. Be2 0-0 10. Ne5 Qc8 11. g4 Bg6 12. h4 h6 13. Nxg6 fxg6 14. Bf4 Nh7 15. Bd3 Nf6 16. Bxg6 Nxg4 17. f3 Nf6 18. 0-0-0 Nbd7 19. Rdg1 Kh8 20. Bb1 Nh5 21. Qc2 Ndf6 22. Be5 Rf7 23. Ne2 Kg8 24. Qg6 Kf8 25. Qg2 Kg8 26. Bg6 Rf8 27. Bxh5 Nxh5 28. Bxg7 Rxf3 29. Be5+ Rg3 30. Nxg3 1-0

[Event "Barbera del Valles op-B 30th"]
[Site "Barbera del Valles"]
[Date "2007.07.10"]
[Round "5"]
[White "Valarezo Ricard, Pedro"]
[Black "Lopez Peralta, Xavier"]
[Result "1-0"]
[WhiteElo "1976"]
[BlackElo "1882"]
[PlyCount "80"]
[EventDate "2007.07.06"]
[EventType "swiss"]
[EventRounds "7"]
[EventCountry "ESP"]
[SourceTitle "EXT 2008"]
[Source "ChessBase"]
[SourceDate "2007.11.25"]
[SourceVersion "1"]
[SourceVersionDate "2007.11.25"]
[SourceQuality "1"]

1. d4 d5 2. Bf4 Nf6 3. e3 Bf5 4. Nf3 e6 5. Nbd2 Bd6 6. Ne5 Nbd7 7. Be2 h6 8. c4 c6 9. Nxf7 Kxf7 10. Bxd6 Nb6 11. c5 Nc8 12. Be5 Nd7 13. Bh5+ Kf8 14. Bg3 Rg8 15. Bg4 g6 16. Bxf5 exf5 17. h4 Qe8 18. Nf3 Qe4 19. Bf4 Kg7 20. 0-0 Kh7 21. Qb3 b6 22. Rac1 Ne7 23. cxb6 Nxb6 24. Ne5 Nc4 25. f3 Rab8 26. fxe4 Rxb3 27. axb3 Nxe5 28. Bxe5 dxe4 29. Bd6 Nd5 30. Rxc6 Rd8 31. Ra1 Ra8 32. Ra5 Nxe3 33. Rc7+ Kg8 34. Raxa7 Rxa7 35. Rxa7 Nd5 36. Be5 e3 37. g3 Nb4 38. Kf1 g5 39. hxg5 hxg5 40. Rg7+ Kf8 1-0